Logo BPK

Biblioteka

Politechniki Koszalińskiej

Wymiarowanie jednostopniowych oczyszczalni ścieków z osadem czynnym oraz sekwencyjnych reaktorów porcjowych SBR : (Rekord nr 35052)

Szczegóły MARC
000 -ETYKIETA REKORDU
podpole kontrolne o stałej długości 01113nam a2200289 i 4500
001 - NUMER KONTROLNY REKORDU
pole kontrolne bg
020 ## - MIĘDZYNARODOWY ZNORMALIZOWANY NUMER KSIĄŻKI - ISBN
ISBN 3935669585
040 ## - ŹRÓDŁO KATALOGOWANIA
Instytucja, która utworzyła rekord BPK
041 1# - KOD JĘZYKA
Kod języka tekstu pl
Kod języka oryginału de
080 ## - UNIWERSALNA KLASYFIKACJA DZIESIĘTNA - UKD
UKD 628.3(430)(083.133)
920 ## - Międzynarodowy znormalizowany numer książki – ISBN
ISBN 3-935669-58-5
008 - POLE O STAŁEJ DŁUGOŚCI - DANE KONTROLNE
podpole kontrolne o stałej długości s pl f |000 0 pol
100 1# - NAZWA OSOBOWA
Nazwa osobowa KAYSER, Rolf
245 00 - TYTUŁ/ODPOWIEDZIALNOŚĆ
Tytuł Wymiarowanie jednostopniowych oczyszczalni ścieków z osadem czynnym oraz sekwencyjnych reaktorów porcjowych SBR :
Ciąg dalszy tytułu komentarz ATV-DVWK do A131P i do A210P /
Pozostałe elementy strefy tytułu i oznaczenia odpowiedzialności Rolf Kayser ; [tł. Agnieszka Nieścier].
246 ## - WARIANT TYTUŁU
Treść wyrażenia wprowadzającego Tyt. oryg.:
Tytuł Bemessung von Belebuns- und SBR-Anlagen: Kommentar zum ATV-M 210
260 ## - STREFA ADRESU WYDAWNICZEGO
Miejsce wydania Warszawa :
Nazwa wydawcy/dystrybutora GFA :
-- Wydaw. Seidel Przywecki,
Data publikacji, dystrybucji/powstania dokumentu 2002.
300 ## - STREFA OPISU FIZYCZNEGO
Objętość 172 s. :
Inne cechy fizyczne rys., wykr. ;
Rozmiary 24 cm.
490 1# - STREFA SERII I DOKUMENTU WIELOCZĘŚCIOWEGO - FORMA NIE DO WYSZUKIWANIA
Tytuł i oznaczenie odpowiedzialności serii Niemiecki zbiór reguł ATV-DVWK
500 ## - UWAGI OGÓLNE
Tekst uwagi Tyt. oryg.: "Bemessung von Belebuns- und SBR-Anlagen: Kommentar zum ATV-M 210".
504 ## - UWAGA DOTYCZĄCA BIBLIOGRAFII
Informacje o bibliografii Bibliogr.
650 #9 - HASŁO PRZEDMIOTOWE W FORMIE NAZWY OGÓLNEJ LUB JEDNOSTKOWEJ
Nazwa ogólna lub geograficzna Oczyszczalnia ścieków
Określnik ogólny budowa i konstrukcje
Określnik geograficzny Niemcy
650 #9 - HASŁO PRZEDMIOTOWE W FORMIE NAZWY OGÓLNEJ LUB JEDNOSTKOWEJ
Nazwa ogólna lub geograficzna Osad czynny
650 #9 - HASŁO PRZEDMIOTOWE W FORMIE NAZWY OGÓLNEJ LUB JEDNOSTKOWEJ
Nazwa ogólna lub geograficzna Reaktory porcjowe
655 ## - TERMIN INDEKSOWY - OKREŚLENIE RODZAJU/FORMY DOKUMENTU
Określenie rodzaju/formy dokumentu Instrukcje
830 ## - HASŁO DODATKOWE SERII LUB DOKUMENTU WIELOCZĘŚCIOWEGO - TYTUŁ UJEDNOLICONY
Tytuł ujednolicony Niemiecki zbiór reguł ATV-DVWK
856 ## - LOKALIZACJA I DOSTĘP DO ELEKTRONICZNYCH DOKUMENTÓW ZDALNYCH
Link (URL) http://koha.tu.koszalin.pl/cgi-bin/koha/opac-detail.pl?biblionumber=35052
Tekst linku Katalog online BPK
942 ## - DODATKOWE ELEMENTY (KOHA)
Typ dokumentu Katalog
Egzemplarze
Wycofany Status egzemplarza Uszkodzony Dostępność Lokalizacja stała Lokalizacja bieżąca Miejsce przechowywania Sygnatura Kod kreskowy Dział Typ dokumentu Ostatnio wypożyczono
      Tylko na miejscu Biblioteka Politechniki Koszalińskiej Biblioteka Politechniki Koszalińskiej Czytelnia BG KC 3237 01892109 628.1/.3 Wodociągi. Kanalizacja. Ścieki Katalog  
      Dostępny Biblioteka Politechniki Koszalińskiej Biblioteka Politechniki Koszalińskiej Wypożyczalnia BG KC 3238 01892093   Katalog 05.02.2024
© 2023 Biblioteka Politechniki Koszalińskiej :: KOHA